000 00296nam a22001337a 4500
020 _a978-8123911021
041 _aENG
100 _aKrishnamurthy .D
245 _aElementary Structural Design & Deawing Vol 1
260 _aDelhi
_bCBS PUB
_c1999
300 _a255
650 _aFS
856 _uFS
999 _c791
_d791